<?xml version="1.0" encoding="UTF-8"?>
<record
    xmlns:xsi="http://www.w3.org/2001/XMLSchema-instance"
    xsi:schemaLocation="http://www.loc.gov/MARC21/slim http://www.loc.gov/standards/marcxml/schema/MARC21slim.xsd"
    xmlns="http://www.loc.gov/MARC21/slim">

  <leader>02537nam a2200337 i 4500</leader>
  <controlfield tag="001">000022124</controlfield>
  <controlfield tag="003">DO-SdBNP</controlfield>
  <controlfield tag="005">20260319092831.0</controlfield>
  <controlfield tag="007">ta</controlfield>
  <controlfield tag="008">090702s1995    dr            001 0 spa d</controlfield>
  <datafield tag="040" ind1=" " ind2=" ">
    <subfield code="a">DO-SdBNP</subfield>
    <subfield code="b">spa</subfield>
    <subfield code="c">BNPHU</subfield>
    <subfield code="e">rda</subfield>
  </datafield>
  <datafield tag="041" ind1=" " ind2=" ">
    <subfield code="a">spa</subfield>
  </datafield>
  <datafield tag="082" ind1=" " ind2="4">
    <subfield code="a">338.97293</subfield>
    <subfield code="b">C755a</subfield>
    <subfield code="2">22</subfield>
  </datafield>
  <datafield tag="110" ind1="2" ind2=" ">
    <subfield code="a">Consejo Nacional de la Empresa Privada (Rep&#xFA;blica  Dominicana)</subfield>
    <subfield code="9">85000</subfield>
  </datafield>
  <datafield tag="245" ind1="1" ind2="0">
    <subfield code="a">Agenda empresarial para el desarrollo integrado.</subfield>
  </datafield>
  <datafield tag="264" ind1=" " ind2=" ">
    <subfield code="a">Santo Domingo :</subfield>
    <subfield code="b">CONEP,</subfield>
    <subfield code="c">1995.</subfield>
  </datafield>
  <datafield tag="300" ind1=" " ind2=" ">
    <subfield code="a">434 p&#xE1;ginas ;</subfield>
    <subfield code="c">23 cm.</subfield>
  </datafield>
  <datafield tag="336" ind1=" " ind2=" ">
    <subfield code="a">rdacontent</subfield>
    <subfield code="b">texto</subfield>
    <subfield code="2">txt</subfield>
  </datafield>
  <datafield tag="337" ind1=" " ind2=" ">
    <subfield code="a">rdamedia</subfield>
    <subfield code="b">sin mediaci&#xF3;n</subfield>
    <subfield code="2">n</subfield>
  </datafield>
  <datafield tag="338" ind1=" " ind2=" ">
    <subfield code="a">rdacarrier</subfield>
    <subfield code="b">volumen</subfield>
    <subfield code="2">nc</subfield>
  </datafield>
  <datafield tag="500" ind1=" " ind2=" ">
    <subfield code="a">Incluye documentos elaborados y aprobados en la Gran Convenci&#xF3;n Nacional Empresarial, 2&#xAA; : noviembre 9-10 1995, Santo Domingo, Rep&#xFA;blica Dominicana.</subfield>
  </datafield>
  <datafield tag="505" ind1="0" ind2=" ">
    <subfield code="a">Charla de apertura --</subfield>
    <subfield code="t">Documento agenda nacional para el desarrollo integrado --</subfield>
    <subfield code="r">Modernizaci&#xF3;n y redimensionamiento del estado y sus instituciones --</subfield>
    <subfield code="t">Reforma social --</subfield>
    <subfield code="t">Lineamientos de pol&#xED;tica econ&#xF3;mica para lograr el desarrollo econ&#xF3;mico --</subfield>
    <subfield code="t">Documento de diagn&#xF3;stico y sectoriales --</subfield>
    <subfield code="t">Reordenamiento de la administraci&#xF3;n p&#xFA;blica --</subfield>
    <subfield code="t">La reforma de la seguridad social --</subfield>
    <subfield code="t">Educaci&#xF3;n: base del desarrollo --</subfield>
    <subfield code="t">Ecolog&#xED;a y medio ambiente --</subfield>
    <subfield code="t">Consideraciones sobre la problem&#xE1;tica energ&#xE9;tica dominicana --</subfield>
    <subfield code="t">El desarrollo de micro, peque&#xF1;as y medianas empresas --</subfield>
    <subfield code="t">Estrategia para incrementar y profundizar el desarrollo de las zonas francas industriales --</subfield>
    <subfield code="t">La globalizaci&#xF3;n y sus retos para la econom&#xED;a dominicana --</subfield>
    <subfield code="t">Propuesta de Pol&#xED;tica Nacional de Transporte --</subfield>
    <subfield code="t">Documentos regionales:</subfield>
    <subfield code="t">Lineamientos para una agenda regional --</subfield>
    <subfield code="t">La provincia de La Vega --</subfield>
    <subfield code="t">La Romana --</subfield>
    <subfield code="t">Obras prioritarias para el desarrollo de la provincia La Altagracia --</subfield>
    <subfield code="t">Necesidades de San Pedro de Macor&#xED;s --</subfield>
    <subfield code="t">Esquema sobre problem&#xE1;tica regional sur--</subfield>
    <subfield code="t">San Crist&#xF3;bal --</subfield>
    <subfield code="t">Provincias de Azua --</subfield>
    <subfield code="t">Provincia de San Juan de la Maguana --</subfield>
    <subfield code="t">Provincia de Barahona --</subfield>
    <subfield code="t">El valle de Neyba --</subfield>
    <subfield code="t">Cuenca de Niza&#xED;to, Para&#xED;so, Barahona --</subfield>
    <subfield code="t">Provincia de Pedernales --</subfield>
    <subfield code="t">Resoluciones --</subfield>
    <subfield code="t">Charla de clausura.</subfield>
  </datafield>
  <datafield tag="590" ind1=" " ind2=" ">
    <subfield code="a">Inventariado, 2018/BT</subfield>
  </datafield>
  <datafield tag="650" ind1="1" ind2="4">
    <subfield code="a">Desarrollo econ&#xF3;mico</subfield>
    <subfield code="z">Rep&#xFA;blica Dominicana</subfield>
    <subfield code="9">8596</subfield>
  </datafield>
  <datafield tag="650" ind1="1" ind2="4">
    <subfield code="a">Potencial de crecimiento</subfield>
    <subfield code="y">Rep&#xFA;blica Dominicana</subfield>
    <subfield code="9">10029</subfield>
  </datafield>
  <datafield tag="650" ind1="1" ind2="4">
    <subfield code="a">Crecimiento econ&#xF3;mico</subfield>
    <subfield code="9">8530</subfield>
  </datafield>
  <datafield tag="650" ind1="1" ind2="4">
    <subfield code="a">Planificaci&#xF3;n estrat&#xE9;gica</subfield>
    <subfield code="9">2433</subfield>
  </datafield>
  <datafield tag="651" ind1="1" ind2="4">
    <subfield code="a">Rep&#xFA;blica Dominicana</subfield>
    <subfield code="x">Condiciones econ&#xF3;micas</subfield>
    <subfield code="9">281</subfield>
  </datafield>
  <datafield tag="910" ind1=" " ind2=" ">
    <subfield code="a">Validado. Control de calidad. EMS</subfield>
  </datafield>
  <datafield tag="942" ind1=" " ind2=" ">
    <subfield code="2">ddc</subfield>
    <subfield code="c">LBS1</subfield>
  </datafield>
  <datafield tag="952" ind1=" " ind2=" ">
    <subfield code="0">0</subfield>
    <subfield code="1">0</subfield>
    <subfield code="2">ddc</subfield>
    <subfield code="5">1</subfield>
    <subfield code="7">0</subfield>
    <subfield code="8">PD</subfield>
    <subfield code="a">BNPHU</subfield>
    <subfield code="b">PD</subfield>
    <subfield code="c">HD</subfield>
    <subfield code="d">2010-09-17</subfield>
    <subfield code="e">Pertenece a la biblioteca persona lde Germ&#xE1;n Emilio Ornes.</subfield>
    <subfield code="l">0</subfield>
    <subfield code="o">BNPHU PD 338.97293 C755a</subfield>
    <subfield code="p">22124-10</subfield>
    <subfield code="r">2020-06-25</subfield>
    <subfield code="w">2020-06-25</subfield>
    <subfield code="y">LFPD</subfield>
    <subfield code="z">Libro autobiografiado</subfield>
  </datafield>
  <datafield tag="952" ind1=" " ind2=" ">
    <subfield code="0">0</subfield>
    <subfield code="1">0</subfield>
    <subfield code="2">ddc</subfield>
    <subfield code="5">1</subfield>
    <subfield code="7">0</subfield>
    <subfield code="8">PD</subfield>
    <subfield code="a">BNPHU</subfield>
    <subfield code="b">PD</subfield>
    <subfield code="c">HD</subfield>
    <subfield code="d">2013-04-11</subfield>
    <subfield code="e">Donado / FUNDI</subfield>
    <subfield code="l">0</subfield>
    <subfield code="o">BNPHU PD 338.97293 C755a</subfield>
    <subfield code="p">22124-20</subfield>
    <subfield code="r">2020-06-25</subfield>
    <subfield code="t">e. 2</subfield>
    <subfield code="w">2020-06-25</subfield>
    <subfield code="y">LFPD</subfield>
  </datafield>
  <datafield tag="952" ind1=" " ind2=" ">
    <subfield code="0">0</subfield>
    <subfield code="1">0</subfield>
    <subfield code="2">ddc</subfield>
    <subfield code="5">6</subfield>
    <subfield code="7">0</subfield>
    <subfield code="8">DS</subfield>
    <subfield code="a">BNPHU</subfield>
    <subfield code="b">DO</subfield>
    <subfield code="c">HD</subfield>
    <subfield code="d">2018-06-28</subfield>
    <subfield code="e">Donado / CERTV</subfield>
    <subfield code="l">0</subfield>
    <subfield code="o">BNPHU DS 338.97293 C755a</subfield>
    <subfield code="p">2021-2273</subfield>
    <subfield code="r">2021-06-28</subfield>
    <subfield code="t">e.3</subfield>
    <subfield code="w">2021-06-28</subfield>
    <subfield code="y">LFDS</subfield>
  </datafield>
  <datafield tag="952" ind1=" " ind2=" ">
    <subfield code="0">0</subfield>
    <subfield code="1">0</subfield>
    <subfield code="2">ddc</subfield>
    <subfield code="5">6</subfield>
    <subfield code="7">0</subfield>
    <subfield code="8">DS</subfield>
    <subfield code="a">BNPHU</subfield>
    <subfield code="b">BNPHU</subfield>
    <subfield code="c">HD</subfield>
    <subfield code="d">2026-03-19</subfield>
    <subfield code="e">Donaci&#xF3;n</subfield>
    <subfield code="l">0</subfield>
    <subfield code="o">BNPHU DS 338.97293 C755a</subfield>
    <subfield code="p">2026-2379</subfield>
    <subfield code="r">2026-03-19</subfield>
    <subfield code="t">e.4</subfield>
    <subfield code="w">2026-03-19</subfield>
    <subfield code="y">LBS1</subfield>
    <subfield code="z">Bienvenido Brito</subfield>
  </datafield>
  <datafield tag="952" ind1=" " ind2=" ">
    <subfield code="0">0</subfield>
    <subfield code="1">0</subfield>
    <subfield code="2">ddc</subfield>
    <subfield code="5">6</subfield>
    <subfield code="7">0</subfield>
    <subfield code="8">DS</subfield>
    <subfield code="a">BNPHU</subfield>
    <subfield code="b">BNPHU</subfield>
    <subfield code="c">HD</subfield>
    <subfield code="d">2026-03-19</subfield>
    <subfield code="e">Donaci&#xF3;n</subfield>
    <subfield code="l">0</subfield>
    <subfield code="o">BNPHU DS 338.97293 C755a</subfield>
    <subfield code="p">2026-2380</subfield>
    <subfield code="r">2026-03-19</subfield>
    <subfield code="t">e.5</subfield>
    <subfield code="w">2026-03-19</subfield>
    <subfield code="y">LBS1</subfield>
    <subfield code="z">B&#xE1;rbara Suncar</subfield>
  </datafield>
  <datafield tag="999" ind1=" " ind2=" ">
    <subfield code="c">21622</subfield>
    <subfield code="d">21622</subfield>
  </datafield>
</record>
